Missing Word: Martin Scorsese Quiz Stats

 Plays Quiz Updated Sep 18, 2012

Support Sporcle.
Go Orange.
Score 0/14 Timer 02:00
1 Play Today
Movie % Correct
New _____, New YorkYork
95.6%
Taxi _____ Driver
94.9%
Alice Doesn't _____ Here Anymore Live
94.6%
Raging _____ Bull
93.8%
Shutter _____Island
87.1%
_____ of New York Gangs
85.4%
Cape _____ Fear
84.4%
Movie % Correct
The Color of _____ Money
72%
_____ StreetsMean
68.2%
The Age of _____Innocence
56.1%
The Last _____ of ChristTemptation
52.6%
Bringing Out the _____ Dead
33.5%
The King of _____ Comedy
24.1%
The Last _____ Waltz
8.8%

Today's Daily Dose

You're not logged in!

Compare scores with friends on all Sporcle quizzes.
OR
Log In

From the Vault

Most Recent President Containing Each Letter

by caramba

We keep trying Bartlet to no avail.
Remove Ads.
Support Sporcle.
Get the best of Sporcle when you Go Orange. This ad-free experience offers more features, more stats, and more fun while also helping to support Sporcle. Thank you for becoming a member.

Show Comments

Extras

Top Quizzes Today


Score Distribution

Your Account Isn't Verified!

In order to create a playlist on Sporcle, you need to verify the email address you used during registration. Go to your Sporcle Settings to finish the process.

Report this User

Report this user for behavior that violates our Community Guidelines.

Details: